Villes de la Métropole Européenne de Lille - Mort subite - Statistiques

Statistiques générales
  • Ce quiz a été pris 670 fois
  • Le résultat moyen est 6 sur 24
Answers on the Grid
Answers color-coded by a green-red scale on the quiz's grid according to % correct below.
Armentières
Aubers
Avelin
Bailleul
Billy-Berclau
Bondues
Bouvines
Carvin
Chéreng
Courtrai
Cysoing
Douai
Englos
Estaires
Fleurbaix
Haubourdin
La Bassée
Laventie
Lesquin
Lezennes
Lille
Marcq-en-Barœul
Nieppe
Pérenchies
Péronne-en-Mélantois
Phalempin
Roncq
Roubaix
Sailly-lez-Lannoy
Sailly-sur-la-Lys
Salomé
Seclin
Templemars
Templeuve-en-Pévèle
Tourcoing
Tournai
Valenciennes
Vendeville
Villeneuve-d'Ascq
Wervicq-Sud
 
Statistiques - réponses
Réponse % Correct
Lille
58%
Villeneuve-d'Ascq
55%
Roubaix
52%
Tourcoing
50%
Marcq-en-Barœul
45%
Lesquin
41%
Roncq
39%
Seclin
36%
Englos
34%
Lezennes
32%
Armentières
29%
Haubourdin
27%
Bondues
26%
Pérenchies
19%
Templemars
15%
Wervicq-Sud
15%
La Bassée
11%
Sailly-lez-Lannoy
11%
Chéreng
10%
Vendeville
9%
Bouvines
8%
Péronne-en-Mélantois
6%
Salomé
6%
Aubers
3%
Aucun quiz correspondant
Distribution des résultats
% des personnes avec chaque résultat
Percentile par nombre de réponses
Votre historique - résultats
Vous n’avez pas pris ce quiz